Library Banner

Embarrassment: (Record no. 19661)

MARC details
000 -LEADER
fixed length control field 00477nam a2200181Ia 4500
001 - CONTROL NUMBER
control field 19282
008 - FIXED-LENGTH DATA ELEMENTS--GENERAL INFORMATION
fixed length control field 140407s9999 xx 000 0 und d
020 ## - INTERNATIONAL STANDARD BOOK NUMBER
International Standard Book Number 1-57230-127-9
040 ## - CATALOGING SOURCE
Transcribing agency PK-LaUMT
082 ## - DEWEY DECIMAL CLASSIFICATION NUMBER
Classification number 152.4
Item number MIL-E
100 ## - MAIN ENTRY--PERSONAL NAME
Personal name Rowland S. Miller
245 ## - TITLE STATEMENT
Title Embarrassment:
Remainder of title Poise and peril in everday life.
Statement of responsibility, etc Rowland S. Miller
260 ## - PUBLICATION, DISTRIBUTION, ETC. (IMPRINT)
Place of publication, distribution, etc New York,USA:
Name of publisher, distributor, etc The Guilford Press,
Date of publication, distribution, etc 1996
300 ## - PHYSICAL DESCRIPTION
Extent 232 p.
546 ## - LANGUAGE NOTE
Language note EN
650 ## - SUBJECT ADDED ENTRY--TOPICAL TERM
Topical term or geographic name as entry element Embarrassment
942 ## - ADDED ENTRY ELEMENTS (KOHA)
Koha item type Books
Holdings
Withdrawn status Lost status Damaged status Not for loan Home library Current library Date acquired Total Checkouts Full call number Barcode Date last seen Price effective from Koha item type
        UMT Main Campus UMT Main Campus 2014-04-07   152.4 MIL-E 22593 2014-04-23 2014-04-23 Books